| 000 | 01146nam a22002657a 4500 | ||
|---|---|---|---|
| 005 | 20171111020002.0 | ||
| 008 | 140611s2007 ck a gr 00110 spa d | ||
| 020 | _a9789588343143 | ||
| 041 | _aspa | ||
| 044 | _ack | ||
| 082 | 0 | 4 |
_a584.15 _bL69l |
| 245 | 0 | 0 |
_aLibro rojo de plantas de Colombia : _bVol. 6: orquídeas, primera parte / _cfotografías Gustavo Adolfo Aguirre, Luis E. Alvarez, Eduardo Calderón [et al.]. |
| 260 |
_aBogotá _bInstituto Humboldt Colombia : _bMinisterio de Ambiente, Vivienda y Desarrollo Territorial, _c2007. |
||
| 300 |
_a828 p. _bil. _c22 cm. |
||
| 490 | 0 |
_aLibros rojos de especies amenazadas de Colombia ; _v6 |
|
| 504 | _aIncluye referencias bibliográficas (p. 780-796) e índice. | ||
| 650 | 4 |
_aOrquídeas _x Variedades _z Colombia. _925180 |
|
| 650 | 4 |
_aOrquídeas _x Clasificación _z Colombia. _925181 |
|
| 650 | 4 |
_aOrquídeas _x Fichas técnicas. _925182 |
|
| 650 | 4 |
_aOrquídeas _x Distribución geográfica _z Colombia. _925183 |
|
| 700 | 1 |
_aCalderon-Sáenz, Eduardo _93427 |
|
| 700 | 1 |
_aAguirre, Gustavo Adolfo, _efot. _925178 |
|
| 700 | 1 |
_aÁlvarez, Luis E., _efot. _925184 |
|
| 942 |
_2ddc _cLIBRO _019 |
||
| 999 |
_c8567 _d8567 |
||